000 00577nam a2200229Ia 4500
003 OSt
005 20220923230339.0
006 a|||||r|||| 00| 0
007 ta
008 Pun
024 _a279,681
037 _cTextual
040 _aARTS
_cARTS
_bPun
041 _2Pun
_aPun
082 _aQ8441wI69, 153L2
100 _aਸਿੰਘ, ਪਿਆਰ, ਥਦ.
245 0 _aਆਦਿ ਸਾਖੀਆਂ
260 _c1972
650 _aਧਰਮ
942 _hQ8441wI69, 153L2
_cTEXL
_2CC
999 _c384148
_d384148